| 000 | 00804nam a2200217Ia 4500 | ||
|---|---|---|---|
| 999 |
_c162535 _d162535 |
||
| 003 | LDD | ||
| 005 | 20190415153435.0 | ||
| 008 | 190117s9999 xx 000 0 und d | ||
| 020 |
_a9789382554745 _c₹200 |
||
| 040 | _cLDD | ||
| 041 | _ahi | ||
| 082 |
_223 _a8H1.71 नी6446मैं |
||
| 100 |
_aनीरद, जयसिंह _eलेखक _94965 |
||
| 245 | 0 |
_aमैं तुम्हारा आइना/ _cजयसिंह नीरद |
|
| 260 |
_bनयी किताब _c2017 _aदिल्ली |
||
| 300 | _a72 | ||
| 650 |
_aहिंदी-कविता _94966 |
||
| 901 | _aSTAR | ||
| 904 | _aReqst by : Satyakam | ||
| 942 |
_2ddc _cH _e23 _h8H1.71 नी6446मैं |
||